000
00223nam a2200097Ia 4500
001
641141
005
20250826153501.0
008
250824s9999 xx 000 0 und d
245
0
_a
BEYAZ DİŞ
_c
JACK LONDON
260
_b
ANONİM
999
_c
641141
_d
641141